Principios de economía

Guardat en:
Dades bibliogràfiques
Autor principal: Mankiw, N. Gregory (autor)
Format: Llibre
Idioma:espanyol
Publicat: Madrid McGraw Hill 1998
Matèries:
Etiquetes: Afegir etiqueta
Sense etiquetes, Sigues el primer a etiquetar aquest registre!

MARC

LEADER 00000nam a2200000 a 4500
001 UCQ9651
003 CL-VaPUC
008 990112e19980000SP |||||||||||||||||spa|d
082 0 4 |a 330  |b MAN  |2 21 
100 |a Mankiw, N. Gregory  |e autor  |9 861929 
245 1 0 |a Principios de economía 
300 |a 726 p 
942 |c BK 
945 |d 19990112 00:00:00  |a aarredon 
260 |a Madrid  |b McGraw Hill  |c 1998 
650 0 |a Economía   |9 255568 
650 0 |a Teoría económica  |9 315055 
650 0 |a Oferta y demanda  |9 255571 
650 0 |a Producción   |9 263680 
650 0 |a Mercado  |9 321497 
650 0 |a Ahorro  |9 351157 
650 0 |a Empresas   |9 255569 
650 0 |a Moneda  |9 342365 
650 0 |a Trabajo  |9 313876 
650 0 |a Capital   |9 263726 
650 0 |a Monopolios  |9 255549 
650 0 |a Comercio  |9 255341 
650 0 |a Precios   |9 260787 
650 0 |a Sistema monetario   |9 371822 
650 0 |a Desempleo   |9 257579 
583 |a last modification  |c 20160311 00:03:10  |k Rodrigo Vera 
999 |c 278639  |d 278637 
952 |0 0  |1 0  |4 0  |6 330_000000000000000_MAN_1998  |7 0  |8 A  |9 317309  |a BIBENE  |b BIBENE  |d 2019-11-20  |i 3508870  |o 330 MAN 1998  |p 3508870  |r 2025-01-15  |w 2019-11-20  |y BK  |k ICO 
952 |0 0  |1 0  |4 0  |6 330_000000000000000_MAN_1998  |7 0  |8 A  |9 317311  |a BIBENE  |b BIBENE  |d 2019-11-20  |i 3529037  |o 330 MAN 1998  |p 3529037  |r 2025-01-15  |w 2019-11-20  |y BK  |k ICO 
952 |0 0  |1 0  |4 0  |6 330_000000000000000_MAN_1998  |7 0  |8 A  |9 317312  |a BIBCUR  |b BIBCUR  |d 2019-11-20  |i 3591034  |l 2  |m 1  |o 330 MAN 1998  |p 3591034  |r 2025-04-22  |s 2024-08-30  |w 2019-11-20  |y BK  |k PER 
952 |0 0  |1 0  |4 0  |6 330_000000000000000_MAN_1998  |7 0  |8 A  |9 317313  |a BIBCUR  |b BIBCUR  |d 2019-11-20  |i 3591042  |o 330 MAN 1998  |p 3591042  |r 2025-04-22  |w 2019-11-20  |y BK  |k PER